Higher education through open and distance learning

Сохранить в:
Библиографические подробности
Формат:
Язык:английский
Опубликовано: Routledge 1999
Метки: Добавить метку
Нет меток, Требуется 1-ая метка записи!

MARC

LEADER 00000nam a22000007a 4500
008 211117b ||||| |||| 00| 0 eng d
020 |a 0415197910 
245 |a Higher education through open and distance learning  |c / edited by Keith Harry  |e World review of distance education and open learning  |f v. 1  |g xix, 307p. 
250 |c Harry, Keith 
260 |b Routledge  |c 1999  |d Book  |h London  |i 311549  |l LC5800.H53  |m Distance education  |m Education, Higher  |m Open learning 
500 |a 'Indexed" 
942 |a lcc  |c BK  |e A.R. Akinniyi  |f 17 / 11 / 21 
952 |0 0  |1 0  |2 lcc  |4 0  |6 LB5800 H53  |7 0  |9 3882  |a HOL  |b HOL  |c LP  |d 2021-11-17  |l 0  |o LB5800.H53  |p 2021-67607  |r 2021-11-17 00:00:00  |t 311549  |w 2021-11-17  |y BK 
999 |c 1934  |d 1934